[Event "Gatineau Pentes U1600"]
[Site "Gatineau"]
[Date "2019.01.22"]
[Round "1"]
[White "Desjardins, Alexandre"]
[Black "Arcand, Pierre"]
[Result "0-1"]
[WhiteElo "1527"]
[BlackElo "1154"]
[PlyCount "80"]
[EventDate "2019.01.22"]
[EventType "swiss"]
[EventRounds "5"]
[EventCountry "CAN"]
[SourceTitle "EXT 2022"]
[Source "ChessBase"]
[SourceDate "2021.10.06"]
[SourceVersion "1"]
[SourceVersionDate "2021.10.06"]
[SourceQuality "1"]

1. Nc3 Nf6 2. b4 e5 3. a4 Bxb4 4. Rb1 Bxc3 5. dxc3 0-0 6. Bg5 h6 7. Be3 d5 8. Rb4 Nc6 9. Rb3 Na5 10. Rb4 Nc4 11. Qc1 b6 12. f3 Re8 13. Bf2 e4 14. e3 a5 15. Rb3 Bd7 16. fxe4 Nxe4 17. Bd3 Nxf2 18. Kxf2 Nxe3 19. Nf3 Ng4+ 20. Kf1 Bxa4 21. Ra3 Ne3+ 22. Kg1 Bd7 23. h3 c5 24. Kh2 c4 25. Be2 Nxg2 26. Bf1 Ne3 27. Rg1 Nxf1+ 28. Qxf1 Bf5 29. Qg2 Bg6 30. h4 Qd6+ 31. Kh1 Qxa3 32. h5 Re6 33. hxg6 Rxg6 34. Qh2 Rxg1+ 35. Qxg1 Qxc3 36. Qf2 Qf6 37. Kg2 Rd8 38. Qe2 b5 39. Ne5 Qg5+ 40. Ng4 h5 0-1

[Event "Gatineau Premiers Flocons"]
[Site "Gatineau"]
[Date "2018.12.11"]
[Round "3"]
[White "Berthiaume, Serge"]
[Black "Desjardins, Alexandre"]
[Result "0-1"]
[WhiteElo "1432"]
[BlackElo "1955"]
[PlyCount "66"]
[EventDate "2018.11.27"]
[EventType "swiss"]
[EventRounds "4"]
[EventCountry "CAN"]
[SourceTitle "EXT 2022"]
[Source "ChessBase"]
[SourceDate "2021.10.06"]
[SourceVersion "1"]
[SourceVersionDate "2021.10.06"]
[SourceQuality "1"]

1. d4 d5 2. Bf4 c5 3. e3 Nc6 4. Nf3 Nf6 5. Nc3 Bf5 6. Bb5 e6 7. Ne5 Rc8 8. Nxc6 bxc6 9. Bd3 cxd4 10. exd4 Bxd3 11. Qxd3 Qb6 12. 0-0 Be7 13. a3 a5 14. Ne2 0-0 15. c3 c5 16. c4 cxd4 17. cxd5 Nxd5 18. Be5 Qxb2 19. Bxd4 Qc2 20. Qf3 Qa4 21. Qg3 Bf6 22. Bxf6 Nxf6 23. Rfd1 Rfd8 24. Rxd8+ Rxd8 25. Nc3 Qd4 26. Qf3 Qc5 27. Rd1 Rxd1+ 28. Qxd1 Nd5 29. Nxd5 exd5 30. g3 g6 31. Qf3 d4 32. h4 Kg7 33. Qd3 Qc3 0-1